City to Nation- Oceania - Statistics

General Stats
  • This quiz has been taken 15 times
  • The average score is 17 of 22
Answer Stats
Hint Answer % Correct
Honolulu United States of America
100%
Wollongong Australia
92%
Suva Fiji
92%
South Tarawa Kiribati
92%
Christchurch New Zealand
92%
Ngerulmud Palau
92%
Port Moresby Papua New Guinea
92%
Apia Samoa
92%
Honiara Solomon Islands
92%
Nuku’alofa Tonga
92%
Funafuti Tuvalu
92%
Palikir Federated States of Micronesia
85%
Majuro Marshall Islands
85%
Port Vila Vanuatu
85%
Papeete* French Polynesia
69%
Saipan* Northern Mariana Islands
69%
Pago Pago* American Samoa
62%
Yigo* Guam
54%
Jayapura Indonesia
54%
Nouméa* New Caledonia
54%
Hanga Roa Chile
38%
Mata’ūtu* Wallis and Futuna
31%
No matching quizzes found
Score Distribution
Percent of People with Each Score
Percentile by Number Answered
Your Score History
You have not taken this quiz